00499 a2200169 4500001000700000020000600007040001100013100003000024240005700054245005200111362000900163440001200172697001700184942000700201952010200208999001900310164788 a  cMagnum aDias Junior, Jose Augusto10aO brilho de mil sois: historia da bomba atomicalpor10aO brilho de mil sois: historia da bomba atomica0 a1899 1aÁtica aPARADIDATICO cBK 00104070a32.5b32.5d2024-06-08l0oLI.08017pMAG00008990r2024-06-08 20:37:33w2024-06-08yBK c164788d164788